Δομήνικος Θεοτοκόπουλος : El Greco

Saved in:
Bibliographic Details
Main Author: Καμπουρίδης, Χάρης, 1950-
Format: Book
Language:Greek
Published: [Αθήνα] : 4Πι Eιδικές Eκδόσεις, c2009.
Series:Μεγάλοι έλληνες ζωγράφοι - Τα αριστουργήματα
Subjects:
Tags: Add Tag
No Tags, Be the first to tag this record!

MARC

LEADER 00000cam a2200000 a 4500
001 1/108957
008 150929s2009####gr | ||| |||| ||gre||
040 |a GR-MyUa  |b gre  |c GR-MyUa  |e AACR2 
041 0 |a gre 
082 7 |a 700.92   |2 (23)  
100 1 |a Καμπουρίδης, Χάρης,   |d 1950- 
245 1 0 |a Δομήνικος Θεοτοκόπουλος :   |b El Greco /   |c επιμέλεια - κείμενα Χάρης Καμπουρίδης.  
260 |a [Αθήνα] :   |b 4Πι Eιδικές Eκδόσεις,   |c c2009.  
300 |a 73 σ. :   |b εικ. ;   |c 28 εκ.  
490 1 |a (Μεγάλοι Έλληνες ζωγράφοι - Τα αριστουργήματα) 
504 |a Βιβλιογραφία: σ. 15.  
600 1 7 |2 nlgaf  |a Θεοτοκόπουλος, Δομήνικος,   |d 1541-1614. 
830 0 |a Μεγάλοι έλληνες ζωγράφοι - Τα αριστουργήματα 
852 |a INST  |b SYROS  |e 20150929  |h 700.92 ΘΕΟ  |p 005500012011  |q 005500012011  |t BK  |y 0 
970 |a Κοντού  |b Παρασκευή  |z 29/09/2015